[Event "NRW Class1 1819"]
[Site "Germany"]
[Date "2019.03.17"]
[Round "7.5"]
[White "Kemper, Georg"]
[Black "Meinhardt, Michael"]
[Result "1-0"]
[WhiteElo "1988"]
[BlackElo "2009"]
[PlyCount "85"]
[EventDate "2018.09.16"]
[EventType "team-tourn"]
[EventRounds "9"]
[EventCountry "GER"]
[SourceTitle "EXT 2022"]
[Source "ChessBase"]
[SourceDate "2021.10.06"]
[SourceVersion "1"]
[SourceVersionDate "2021.10.06"]
[SourceQuality "1"]
[WhiteTeam "Nienberge"]
[BlackTeam "Weidenau/Geisweid"]
[WhiteTeamCountry "GER"]
[BlackTeamCountry "GER"]

1. d4 Nf6 2. c4 e6 3. g3 d5 4. Bg2 dxc4 5. Nf3 Bb4+ 6. Bd2 a5 7. Bxb4 axb4 8. Ne5 0-0 9. 0-0 Nc6 10. Nxc6 bxc6 11. Bxc6 Rb8 12. Bf3 Qd6 13. e3 Ba6 14. Re1 c5 15. dxc5 Qxc5 16. Qc2 Rfd8 17. Nd2 Rbc8 18. Rec1 Qe5 19. Qa4 Qb5 20. Qc2 c3 21. Nb3 Qe5 22. Nd4 Nd5 23. bxc3 Rxc3 24. Qa4 Ra3 25. Qc6 g6 26. Qc5 Rc8 27. Nc6 Qf6 28. Bxd5 exd5 29. Ne7+ Kg7 30. Nxc8 Bxc8 31. Qxb4 Ra8 32. Qc3 Be6 33. a4 d4 34. Qxd4 Qxd4 35. exd4 Rd8 36. Rd1 Bg4 37. Rd2 h5 38. Kg2 h4 39. f3 h3+ 40. Kf2 Be6 41. d5 Rxd5 42. Rxd5 Bxd5 43. a5 1-0

[Event "Muensterland Regionalliga 1516"]
[Site "Germany"]
[Date "2016.04.09"]
[Round "8.3"]
[White "Kemper, Georg"]
[Black "Langhanke, Guenther"]
[Result "1/2-1/2"]
[WhiteElo "1907"]
[BlackElo "1986"]
[PlyCount "24"]
[EventDate "2015.09.05"]
[EventType "team"]
[EventRounds "9"]
[EventCountry "GER"]
[SourceTitle "EXT 2017"]
[Source "ChessBase"]
[SourceDate "2016.10.25"]
[SourceVersion "1"]
[SourceVersionDate "2016.10.25"]
[SourceQuality "1"]
[WhiteTeam "Nienberge"]
[BlackTeam "Rheine Klein Berlin"]
[WhiteTeamCountry "GER"]
[BlackTeamCountry "GER"]

1. d4 d5 2. c4 e6 3. g3 Nf6 4. Bg2 Be7 5. Nf3 0-0 6. 0-0 dxc4 7. Qa4 Bd7 8. Qxc4 Bc6 9. Ne5 Bxg2 10. Kxg2 Qd5+ 11. Qxd5 exd5 12. Nc3 c6 1/2-1/2

[Event "Muensterland Regionalliga 1314"]
[Site "Germany"]
[Date "2014.02.01"]
[Round "6.4"]
[White "Kemper, Georg"]
[Black "Mueller, Achim"]
[Result "0-1"]
[WhiteElo "1907"]
[BlackElo "2008"]
[PlyCount "58"]
[EventDate "2013.09.07"]
[EventType "team-tourn"]
[EventRounds "9"]
[EventCountry "GER"]
[SourceTitle "EXT 2015"]
[Source "ChessBase"]
[SourceDate "2014.11.20"]
[SourceVersion "1"]
[SourceVersionDate "2014.11.20"]
[SourceQuality "1"]
[WhiteTeam "Nienberge"]
[BlackTeam "Emsdetten Rochade"]
[WhiteTeamCountry "GER"]
[BlackTeamCountry "GER"]

1. d4 c5 2. d5 d6 3. c4 e5 4. Nc3 Be7 5. Nf3 a6 6. g3 Bg4 7. Bg2 Bxf3 8. Bxf3 Bg5 9. e3 f5 10. Bh5+ g6 11. f4 Bf6 12. fxe5 Bxe5 13. Bf3 Nf6 14. 0-0 0-0 15. Ne2 Re8 16. Nf4 Bxf4 17. exf4 Ne4 18. g4 Nd7 19. b3 Qf6 20. Qc2 Qd4+ 21. Kg2 Qxa1 22. Bb2 Qxf1+ 23. Kxf1 Ndf6 24. Ba1 fxg4 25. Bg2 Re7 26. Qb2 Rae8 27. Bxe4 Rxe4 28. Qxf6 Re1+ 29. Kf2 R8e2+ 0-1

[Event "Muensterland Verbandsliga 1213"]
[Site "Germany"]
[Date "2013.03.09"]
[Round "7.6"]
[White "Janz, Stefan"]
[Black "Kemper, Georg"]
[Result "1-0"]
[WhiteElo "1884"]
[BlackElo "1933"]
[PlyCount "103"]
[EventDate "2012.09.22"]
[EventType "team-tourn"]
[EventRounds "9"]
[EventCountry "GER"]
[SourceTitle "EXT 2015"]
[Source "ChessBase"]
[SourceDate "2014.11.20"]
[SourceVersion "1"]
[SourceVersionDate "2014.11.20"]
[SourceQuality "1"]
[WhiteTeam "Sendenhorst"]
[BlackTeam "Nienberge"]
[WhiteTeamCountry "GER"]
[BlackTeamCountry "GER"]

1. d4 e6 2. Nf3 f5 3. c4 Nf6 4. e3 d5 5. Nc3 c6 6. Bd2 Bd6 7. c5 Bc7 8. Bd3 Nbd7 9. Qc2 Ne4 10. b4 a6 11. a4 0-0 12. h4 e5 13. dxe5 Nxe5 14. Nxe5 Bxe5 15. Rd1 Qf6 16. Ne2 Bd7 17. f4 Bc7 18. Bxe4 fxe4 19. Bc3 Qg6 20. Kd2 a5 21. g4 axb4 22. Bd4 Ba5 23. Qb3 b5 24. axb5 cxb5 25. f5 Qf7 26. Nf4 Bd8 27. Ra1 Bf6 28. Qxd5 Rad8 29. Bxf6 gxf6 30. Qxf7+ Rxf7 31. Ke2 Bc6 32. Rhd1 Rxd1 33. Kxd1 Rd7+ 34. Ke1 b3 35. Rb1 Bd5 36. Nxd5 Rxd5 37. Rxb3 Rxc5 38. Rb4 Re5 39. Kf2 h5 40. Kg3 hxg4 41. Kxg4 Kg7 42. Rd4 Kh6 43. Kf4 Kh5 44. Rd6 Re8 45. Rd7 Kh6 46. Rb7 Re5 47. Rf7 Rc5 48. Rxf6+ Kh5 49. Rf8 Kh6 50. Rb8 Kg7 51. Rb6 Kf7 52. h5 1-0

[Event "Muensterland op 30th"]
[Site "Senden"]
[Date "2012.10.06"]
[Round "1"]
[White "Kemper, Georg"]
[Black "Karpatchev, Aleksandr"]
[Result "0-1"]
[WhiteElo "2000"]
[BlackElo "2457"]
[PlyCount "46"]
[EventDate "2012.10.06"]
[EventType "swiss"]
[EventRounds "9"]
[EventCountry "GER"]
[SourceTitle "EXT 2013"]
[Source "ChessBase"]
[SourceDate "2012.11.22"]
[SourceVersion "1"]
[SourceVersionDate "2012.11.22"]
[SourceQuality "1"]

1. d4 d5 2. Nf3 Nf6 3. c4 dxc4 4. Qa4+ Nc6 5. Qxc4 Bg4 6. Nbd2 Qd6 7. g3 Qb4 8. Qc3 Nd5 9. Qxb4 Ndxb4 10. Kd1 0-0-0 11. a3 Bxf3 12. exf3 Nd5 13. Nb3 Nb6 14. Be3 e5 15. Bh3+ Kb8 16. Kc2 exd4 17. Bf4 Bd6 18. Bxd6 Rxd6 19. Rad1 Rhd8 20. f4 Nc4 21. Rd3 Re8 22. Nxd4 Nxd4+ 23. Kc3 Ne2+ 0-1

[Event "Muensterland Verbandsliga 1112"]
[Site "Germany"]
[Date "2011.09.24"]
[Round "1.2"]
[White "Teykh, Dimitrij"]
[Black "Kemper, Georg"]
[Result "1/2-1/2"]
[WhiteElo "2000"]
[BlackElo "1928"]
[PlyCount "48"]
[EventDate "2011.09.24"]
[EventType "team-tourn"]
[EventRounds "9"]
[EventCountry "GER"]
[SourceTitle "EXT 2013"]
[Source "ChessBase"]
[SourceDate "2012.11.22"]
[SourceVersion "1"]
[SourceVersionDate "2012.11.22"]
[SourceQuality "1"]
[WhiteTeam "Ochtrup"]
[BlackTeam "Nienberge"]
[WhiteTeamCountry "GER"]
[BlackTeamCountry "GER"]

1. d4 e6 2. c4 f5 3. Nf3 Nf6 4. g3 d5 5. Bg2 c6 6. 0-0 Bd6 7. Nbd2 b6 8. Qc2 Ne4 9. b3 0-0 10. Bb2 Bb7 11. Ne1 Nd7 12. Ndf3 f4 13. Nd3 fxg3 14. hxg3 c5 15. dxc5 bxc5 16. cxd5 exd5 17. Nfe5 Nxe5 18. Nxe5 Qe7 19. Bxe4 dxe4 20. Qc4+ Kh8 21. Qc3 Rae8 22. Nc4 Bc7 23. Ne3 Qg5 24. Rad1 Rf7 1/2-1/2

[Event "Muensterland Verbandsliga 1011"]
[Site "Germany"]
[Date "2011.01.15"]
[Round "5.1"]
[White "Fuest, Martin"]
[Black "Kemper, Georg"]
[Result "1/2-1/2"]
[WhiteElo "2084"]
[BlackElo "1964"]
[PlyCount "84"]
[EventDate "2010.09.25"]
[EventType "team-tourn"]
[EventRounds "9"]
[EventCountry "GER"]
[SourceTitle "EXT 2012"]
[Source "ChessBase"]
[SourceDate "2011.11.24"]
[SourceVersion "1"]
[SourceVersionDate "2011.11.24"]
[SourceQuality "1"]
[WhiteTeam "Bocholt"]
[BlackTeam "Nienberge"]
[WhiteTeamCountry "GER"]
[BlackTeamCountry "GER"]

1. d4 e6 2. Nf3 f5 3. c4 Nf6 4. Nc3 Bb4 5. Qb3 c5 6. Bd2 Nc6 7. e3 0-0 8. a3 Bxc3 9. Bxc3 Ne4 10. Bd3 b6 11. 0-0 Nxc3 12. Qxc3 d6 13. Rfd1 Qf6 14. Be2 e5 15. dxe5 dxe5 16. Rd5 e4 17. Qxf6 Rxf6 18. Ne5 Nxe5 19. Rxe5 Be6 20. b4 cxb4 21. axb4 g6 22. c5 Bf7 23. f3 bxc5 24. Rxc5 Rb8 25. Rxa7 Rxb4 26. Rc8+ Kg7 27. Bc4 f4 28. exf4 e3 29. Kf1 Rxf4 30. Bd5 Rb2 31. Rxf7+ Rxf7 32. Bxf7 Kxf7 33. Rc1 Kf6 34. Re1 Rb3 35. g3 Ke5 36. Ke2 h5 37. h4 Kd4 38. Rd1+ Ke5 39. Rd3 Rb2+ 40. Kxe3 Rg2 41. f4+ Kf6 42. Kf3 Rg1 1/2-1/2

[Event "Muensterland Verbandsliga 1011"]
[Site "Germany"]
[Date "2010.12.18"]
[Round "4.3"]
[White "Kemper, Georg"]
[Black "Janning, Rainer"]
[Result "1-0"]
[WhiteElo "1964"]
[BlackElo "1912"]
[PlyCount "73"]
[EventDate "2010.09.25"]
[EventType "team-tourn"]
[EventRounds "9"]
[EventCountry "GER"]
[SourceTitle "EXT 2012"]
[Source "ChessBase"]
[SourceDate "2011.11.24"]
[SourceVersion "1"]
[SourceVersionDate "2011.11.24"]
[SourceQuality "1"]
[WhiteTeam "Nienberge"]
[BlackTeam "Steinfurt"]
[WhiteTeamCountry "GER"]
[BlackTeamCountry "GER"]

1. d4 d5 2. c4 e6 3. g3 c6 4. Bg2 f5 5. Nh3 Nf6 6. 0-0 Bd6 7. Nd2 0-0 8. Nf3 Nbd7 9. Nf4 Qe8 10. Nd3 dxc4 11. Nde5 Bxe5 12. Nxe5 Nxe5 13. dxe5 Nd5 14. e4 fxe4 15. Bxe4 g6 16. Bh6 Rf7 17. h4 Rd7 18. Qe2 Ne7 19. Qxc4 Nf5 20. Bg5 b5 21. Qc5 Bb7 22. Rad1 Rc8 23. g4 Ng7 24. Bf6 Qf7 25. Kg2 Ne8 26. Bg5 Nc7 27. Rxd7 Qxd7 28. h5 gxh5 29. Bf6 Nd5 30. g5 a5 31. Kh2 Nf4 32. Qe3 Ng6 33. Qf3 Qd4 34. Rd1 Qxb2 35. Rd7 Nh4 36. Bxh7+ Kf8 37. Bg7+ 1-0